| 000 | 01862nam0a22003131 4500 | ||
|---|---|---|---|
| 001 | v19\rc\1834733 | ||
| 005 | 20250619141457.0 | ||
| 035 | _a(NLR Aleph) 004929565 | ||
| 090 |
_a5664904 _c5664904 |
||
| 100 | _a20071224d1908 |||y0rusy50 ca | ||
| 101 | 0 | _arus | |
| 102 | _aRU | ||
| 105 | _aa z ||||| | ||
| 200 | 1 | _aПолицейская сторожевая собака | |
| 210 |
_aСанкт-Петербург _cРос. о-во поощрения применения собак к полиц. и сторожевой службе _d1908 |
||
| 215 |
_a38 с. _cил. _d28 |
||
| 300 | _aВ конце текста: Сб. этот сост. т. пред. "Рос. о-ва поощрения применения собак к полицейской и сторожевой службе" В.И. Лебедев | ||
| 309 | _aВторое произведение имеет самостоят. тит. л. | ||
| 423 | 0 |
_11010#$arus _12001#$aУстав "Российского общества поощрения применения собак к полицейской и сторожевой службе" _153213$aУстав Российского общества поощрения применения собак к полицейской и сторожевой службе" _tУстав "Российского общества поощрения применения собак к полицейской и сторожевой службе" |
|
| 700 | 1 |
_7ca _8rus _aЛебедев _bВ. И. _cдеятель уголовного сыска _f1868-1930 _gВасилий Иванович _9235558 _3RU\NLR\AUTH\770235614 |
|
| 801 | 0 |
_aRU _bNLR _gpsbo |
|
| 801 | 0 |
_aRU _bRuMoRGB _2psbo |
|
| 801 | 1 |
_aRU _bProSoft-M _2rusmarc |
|
| 852 |
_aNLR _j34.53.7.528 |
||
| 899 |
_aRuMoRGB _jV 94/75 |
||
| 899 | _aБАН | ||
| 942 | _cBOOK | ||
| 980 | _aNB | ||